Power quality in electrical systems (Record no. 6472)

MARC details
000 -LEADER
fixed length control field 00729nam a22002177a 4500
003 - CONTROL NUMBER IDENTIFIER
control field OSt
005 - DATE AND TIME OF LATEST TRANSACTION
control field 20251127140544.0
008 - FIXED-LENGTH DATA ELEMENTS--GENERAL INFORMATION
fixed length control field 251127b |||||||| |||| 00| 0 eng d
020 ## - INTERNATIONAL STANDARD BOOK NUMBER
International Standard Book Number 13 : 978-0-07-14075-9.
040 ## - CATALOGING SOURCE
Original cataloging agency DWCL-Main lib
Transcribing agency OC
082 ## - DEWEY DECIMAL CLASSIFICATION NUMBER
Classification number Circ. 621.319 K97p 2007
100 ## - MAIN ENTRY--PERSONAL NAME
Personal name Kusko, Alexander
245 ## - TITLE STATEMENT
Title Power quality in electrical systems
Statement of responsibility, etc. Kusko, Alexander
260 ## - PUBLICATION, DISTRIBUTION, ETC.
Place of publication, distribution, etc. N. Y. :
Name of publisher, distributor, etc. McGraw-Hill Companies, Inc.,
Date of publication, distribution, etc. c2007.
300 ## - PHYSICAL DESCRIPTION
Extent xi, 225 pages :
Other physical details illustration ;
Dimensions 23 cm.
504 ## - BIBLIOGRAPHY, ETC. NOTE
Bibliography, etc. note Includes bibliographical references and index.
650 ## - SUBJECT ADDED ENTRY--TOPICAL TERM
Source of heading or term 1. Electric power distribution.
650 ## - SUBJECT ADDED ENTRY--TOPICAL TERM
Source of heading or term 2. Electric power systems-Electric losses.
700 ## - ADDED ENTRY--PERSONAL NAME
Personal name Thompson, Marc T.
942 ## - ADDED ENTRY ELEMENTS (KOHA)
Source of classification or shelving scheme Dewey Decimal Classification
Koha item type Book Circulation
Call number prefix Circ.
Suppress in OPAC No
952 ## - LOCATION AND ITEM INFORMATION (KOHA)
--
Holdings
Withdrawn status Lost status Source of classification or shelving scheme Damaged status Not for loan Home library Current library Shelving location Date acquired Source of acquisition Total Checkouts Full call number Barcode Date last seen Copy number Price effective from Koha item type Uniform Resource Identifier
    Dewey Decimal Classification     College Library College Library Circulation 06/19/2008 School Fund   Circ. 621.319 K97p 2007 45849 11/27/2025 c1 11/27/2025 BK-CIRC